| 000 | 01988nam0a2200433 4500 | ||
|---|---|---|---|
| 001 | RU\NLR\bibl\1040192 | ||
| 005 | 20260407114149.0 | ||
| 035 | _a(nilc)EL/0000031631 | ||
| 035 | _aRUSMED\0000044394 | ||
| 035 | _a(NLR Aleph) 001027592 | ||
| 090 |
_a738112 _c738112 |
||
| 100 | _a20050805d2005 |||y0rusy50 ca | ||
| 101 | 0 | _arus | |
| 102 | _aRU | ||
| 105 | _aa z ||||| | ||
| 200 | 1 |
_aИнтерлейкины: клинико-экспериментальное обоснование применения в комплексном лечении туберкулеза _eпособие для врачей _fМ-во здравоохранения Рос. Федерации, Гос. учреждение "С.-Петерб. науч.-исслед. ин-т фтизиопульмонологии" _g[подгот. д-ром мед. наук Елькиным А. В. и др.] |
|
| 210 |
_aСанкт-Петербург _c[б. и.] _d2005 |
||
| 215 |
_a30 с. _cил. _d20 |
||
| 320 | _aБиблиогр.: с. 23-25 (28 назв.) | ||
| 606 | 1 |
_aТуберкулез _jМетодические пособия _xТерапия интерлейкинами _92460899 _3RU\NLR\auth\661462275 |
|
| 675 |
_a[616.24-002.5+615.2](072) _vudc |
||
| 686 |
_a76.29.53 _2rugasnti |
||
| 686 |
_a76.29.35 _2rugasnti |
||
| 686 |
_a76.31.29 _2rugasnti |
||
| 686 |
_a76.01.33 _2rugasnti |
||
| 686 |
_aC01.252.410.040.552.846.899 _2MeSH |
||
| 686 |
_aC08.381.922 _2MeSH |
||
| 686 |
_aC08.730.939 _2MeSH |
||
| 686 |
_aD24.185.348.505 _2MeSH |
||
| 686 |
_aD24.611.350.400.505 _2MeSH |
||
| 686 | _aР54-52я8 | ||
| 702 | 1 |
_aЕлькин _bА. В. _gАлексей Владимирович _4220 |
|
| 712 | 0 | 2 |
_4570 _aСанкт-Петербургский НИИ фтизиопульмонологии _3RU\NLR\AUTH\889946450 _9388481 |
| 801 | 0 |
_aRU _bЦНМБ _c20050805 _gPSBO |
|
| 801 | 1 |
_aRU _bЦНМБ _c20050805 |
|
| 801 | 2 |
_aRU _bNLR _c20070202 _grcr |
|
| 942 | _cBOOK | ||
| 980 | _aNB | ||